|
|
|
|
| LEADER |
00000nam a2200000 a 4500 |
| 001 |
vtls008326171 |
| 003 |
SK-MaSNL |
| 005 |
20260302090858.0 |
| 008 |
230403s1960 xo slo |
| 015 |
|
|
|a SNBA1961/04-00568
|
| 035 |
|
|
|a SK01SNK19610018388
|
| 035 |
|
|
|a urn:nbn:sk:snk-am3h5tp
|
| 035 |
|
|
|a urn:nbn:sk:snk-am00co5a
|
| 035 |
|
|
|a 57B3D578-2EDA-4FA0-A3B2-442EB98CFA0A
|
| 035 |
|
|
|a SKM000020851
|
| 040 |
|
|
|a SNK
|b slo
|c SNK
|e AACR2
|
| 041 |
1 |
|
|a slo
|h rus
|
| 044 |
|
|
|a xo
|c SK
|
| 080 |
|
|
|a 62.001
|2 1981
|
| 100 |
1 |
|
|a Konson, Aron Solomonovič
|4 aut
|9 758774
|
| 245 |
1 |
0 |
|a Ekonomická efektívnosť novej techniky
|c Aron Solomonovič Konson ; zrus. orig. ... prel. Oto Kimlíček
|
| 260 |
|
|
|a Bratislava
|b SVPL
|c 1960
|e Bratislava
|f Polygrafické závody
|
| 300 |
|
|
|a 375, [1] s.
|c 8°
|
| 500 |
|
|
|a Ilustr. Pozn. Odkazy na lit. Tb. Grafy
|
| 563 |
|
|
|a 2000 výtl.
|
| 650 |
0 |
7 |
|a technika
|x ekonomika
|x príručky
|2 SNK
|9 758775
|
| 650 |
0 |
7 |
|a ekonomika
|x technika
|x príručky
|2 SNK
|9 758776
|
| 655 |
|
7 |
|a príručky
|2 SNKPH
|9 74364
|
| 700 |
1 |
|
|a Kimlíček, Oto
|4 trl
|9 344367
|
| 852 |
|
|
|a Slovenská národná knižnica
|
| 919 |
|
|
|a viaz.
|
| 954 |
|
|
|a odborná, vedecká literatúra cudzojazyčná (svetová)
|2 lita
|
| 958 |
|
|
|a OND
|
| 958 |
|
|
|a TL
|
| 958 |
|
|
|a RK
|
| 958 |
|
|
|a OP
|
| 958 |
|
|
|a RU
|
| 958 |
|
|
|a NB
|
| 958 |
|
|
|a EUIPO
|
| 999 |
|
|
|c 1198401
|d 1200331
|
| 952 |
|
|
|a SNK
|b SNK
|y PREZ
|7 0
|p 17A0699556
|o snkSD 19948
|i snkKSP 2204/61
|0 0
|1 0
|4 0
|d 2011-05-28
|f 1
|l 0
|r 2025-12-03 00:00:00
|w 2026-02-24
|
| 952 |
|
|
|a SNK
|b SNK
|y PREZ
|7 0
|o snkSD 19948 D1
|i snkKSP 2205/61
|0 0
|1 0
|4 0
|d 2021-05-19
|l 0
|r 2026-02-24 22:33:40
|w 2026-02-24
|